Policy brief: the challenge of attaining the demographic dividend (Record no. 53846)

MARC details
000 -LEADER
fixed length control field 00627nam a2200145 a 4500
008 - FIXED-LENGTH DATA ELEMENTS--GENERAL INFORMATION
fixed length control field 130502s2012 ||||||||||||||||| || u
050 ## - LIBRARY OF CONGRESS CALL NUMBER
Classification number PRB(02)
110 ## - MAIN ENTRY--CORPORATE NAME
Corporate name or jurisdiction name as entry element Population Reference Bureau (PRB)
245 10 - TITLE STATEMENT
Title Policy brief: the challenge of attaining the demographic dividend
Statement of responsibility, etc. by Population Reference Bureau [PRB]
260 ## - PUBLICATION, DISTRIBUTION, ETC.
Place of publication, distribution, etc. Washington, DC:
Name of publisher, distributor, etc. Population Reference Bureau (PRB)
Date of publication, distribution, etc. 2012
300 ## - PHYSICAL DESCRIPTION
Extent 5p.: ill.
362 1# - DATES OF PUBLICATION AND/OR SEQUENTIAL DESIGNATION
Dates of publication and/or sequential designation <p>September 2012</p>
650 ## - SUBJECT ADDED ENTRY--TOPICAL TERM
Topical term or geographic name entry element DEMOGRAPHIC DIVIDEND--AFRICA
995 ## - RECOMMENDATION 995 [LOCAL, UNIMARC FRANCE]
-- CBU-MAIN LIBRARY (Kitwe)
-- 1
-- AVAILABLE
-- May 3, 2013
-- International Publications
Holdings
Withdrawn status Lost status Source of classification or shelving scheme Damaged status Not for loan Home library Current library Shelving location Date acquired Total Checkouts Full call number Barcode Date last seen Price effective from Koha item type
          CBU-MAIN LIBRARY, KITWE. CBU-MAIN LIBRARY, KITWE.   11/30/2022   PRB(02) B702 11/30/2022 11/30/2022 MONOGRAPH